| 000 | 00779nam a2200229 i 4500 | ||
|---|---|---|---|
| 001 | 22380 | ||
| 003 | ES-MaACL | ||
| 005 | 20230906152702.0 | ||
| 007 | t| | ||
| 008 | 021202s1945 mx ||||1| spa d | ||
| 100 | 1 |
_aAldington, Richard. _919643 |
|
| 245 | 1 | 3 |
_aEl Duque de Wellington / _cRichard Aldington ; versión española de Ramón Iglesia. |
| 250 | _a1ª ed. en español. | ||
| 260 |
_aMéxico : _bFondo de Cultura Económica, _c[1945] ( _fGráfica Panamericana) |
||
| 300 |
_a534 p. : _bil. ; _c22 cm. |
||
| 490 | 1 | _aSección de obras de historia | |
| 600 | 0 | 4 |
_aWellington, Arthur Wellesley _cDuke of. _9116448 |
| 700 | 1 |
_aIglesia, Ramón. _965061 |
|
| 830 | 0 |
_aSección de obras de historia _9179403 |
|
| 852 |
_aES-MaACL _jB-2249 _bR.28663 |
||
| 999 |
_c22380 _d22380 |
||